Christopher Lloyd Movies - Statistics

General Stats
  • This quiz has been taken 8 times
  • The average score is 3 of 13
Answer Stats
Release Year Costars Movie % Correct
1985 Michael J. Fox, Lea Thompson Back to the Future
100%
1975 Jack Nicholson, Louise Fletcher One Flew Over the Cuckoo's Nest
57%
1991 Anjelica Huston, Christina Ricci The Addams Family
57%
1988 Bob Hoskins, Joanna Cassidy Who Framed Roger Rabbit
29%
1997 Meg Ryan, John Cusack Anastasia
14%
1985 Eileen Brennan, Tim Curry Clue
14%
1993 Mason Gamble, Lea Thompson Dennis the Menace
14%
2017 Michael Caine, Morgan Freeman Going in Style
14%
2021 Bob Odenkirk, RZA Nobody
14%
2014 Joseph Gordon Levitt, Bruce Willis Sin City: A Dame To Kill For
14%
2021 Ben Affleck, Lily Rabe The Tender Bar
14%
2002 Spencer Klein, Jennifer Jason Leigh Hey Arnold! The Movie
0%
TBA Simon Pegg, Minnie Driver Nandor Fodor and the Talking Mongoose
0%
No matching quizzes found
Score Distribution
Percent of People with Each Score
Percentile by Number Answered
Your Score History
You have not taken this quiz